London Challenge Quiz Stats

 Plays Quiz not verified by Sporcle

Score 0/30 Timer 05:00
0 Plays Today
% Correct
Heathrow Airport
93.5%
Wembley Stadium
89.4%
Gatwick Airport
88.4%
Kensington & Chelsea
88%
Victoria
81.9%
British Museum
78.2%
Westminster
76.4%
City of London
75.9%
King's Cross St. Pancras
75.9%
Waterloo
74.5%
Luton Airport
74.5%
London City Airport
69%
Stansted Airport
68.1%
Natural History Museum
65.3%
Emirates Stadium
63%
% Correct
Tate Modern
59.3%
Oxford Circus
57.9%
Stamford Bridge
55.1%
Twickenham Stadium
53.2%
UCL
52.3%
Imperial College London
50.9%
London School of Economics
50.5%
King's College London
50.5%
Richmond upon Thames
50%
London Olympic Stadium
47.2%
Camden
46.3%
National Gallery
44.4%
London Bridge
40.3%
Southbank Centre
27.8%
Queen Mary, University of London
20.4%

You're not logged in!

Compare scores with friends on all Sporcle quizzes.
Join for Free
OR
Log In

You Might Also Like...

Show Comments

Extras

Top Quizzes Today


Score Distribution

Your Account Isn't Verified!

In order to create a playlist on Sporcle, you need to verify the email address you used during registration. Go to your Sporcle Settings to finish the process.

Report this User

Report this user for behavior that violates our Community Guidelines.

Details: